| 000 | 005400000a22001810004500 | ||
|---|---|---|---|
| 003 | LK-CoMWRAF | ||
| 005 | 20230923221207.0 | ||
| 008 | 230817t ||||| |||| 00| 0 eng d | ||
| 040 |
_aLK-CoMWRAF _dLK-CoMWRAF _eLK-CoMWRAF |
||
| 041 | _aeng | ||
| 082 |
_a230.071 _bJAM |
||
| 100 | _aJamil, Sayid Mohammad | ||
| 245 |
_aThe Moral side of the Christian Clergy : _bTheir Provocations, intrigues and antinational activities |
||
| 260 |
_aPakistan : _bSayid Mohammad Jamil, _c1963 |
||
| 300 | _a66p | ||
| 650 | _aChristian clergy | ||
| 942 | _cBK | ||
| 999 |
_c1357 _d1357 |
||